Narrative Theory in Conservation Change and Living Buildings (Record no. 12639)
[ view plain ]
| 000 -LEADER | |
|---|---|
| fixed length control field | 00380 a2200145 4500 |
| 003 - CONTROL NUMBER IDENTIFIER | |
| control field | OSt |
| 005 - DATE AND TIME OF LATEST TRANSACTION | |
| control field | 20240430194942.0 |
| 008 - FIXED-LENGTH DATA ELEMENTS--GENERAL INFORMATION | |
| fixed length control field | 240430b ||||| |||| 00| 0 eng d |
| 020 ## - INTERNATIONAL STANDARD BOOK NUMBER | |
| International Standard Book Number | 9781032173122 |
| 082 ## - DEWEY DECIMAL CLASSIFICATION NUMBER | |
| Classification number | 691.1 |
| 100 ## - MAIN ENTRY--PERSONAL NAME | |
| Personal name | Nigel Walter |
| 245 ## - TITLE STATEMENT | |
| Title | Narrative Theory in Conservation Change and Living Buildings |
| 260 ## - PUBLICATION, DISTRIBUTION, ETC. (IMPRINT) | |
| Name of publisher, distributor, etc | Routledge Taylor & Francis |
| Date of publication, distribution, etc | 2020 |
| 942 ## - ADDED ENTRY ELEMENTS (KOHA) | |
| Source of classification or shelving scheme | |
| Withdrawn status | Lost status | Source of classification or shelving scheme | Damaged status | Koha normalized classification for sorting | Not for loan | Permanent location | Current location | Date acquired | Source of acquisition | Cost, normal purchase price | Full call number | Barcode | Date last seen | Cost, replacement price | Price effective from | Koha item type |
|---|---|---|---|---|---|---|---|---|---|---|---|---|---|---|---|---|
| 691_100000000000000 | Not For Loan | BMS College of Architecture, Design and Planning | BMS College of Architecture, Design and Planning | 2024-04-30 | 10 | 2731.12 | 691.1 | AR-UG3813 | 2024-04-30 | 4076.30 | 2024-04-30 | UG Books | ||||
| 691_100000000000000 | BMS College of Architecture, Design and Planning | BMS College of Architecture, Design and Planning | 2024-04-30 | 10 | 2731.12 | 691.1 | AR-UG3814 | 2024-04-30 | 4076.30 | 2024-04-30 | UG Books | |||||
| 691_100000000000000 | BMS College of Architecture, Design and Planning | BMS College of Architecture, Design and Planning | 2024-04-30 | 10 | 2731.12 | 691.1 | AR-UG3815 | 2024-04-30 | 4076.30 | 2024-04-30 | UG Books |